Zufällige Autokennzeichen zuordnen - Statistiken

Allgemein
  • Dieses Quiz wurde 10.842 mal gespielt
    10.039 seit der letzten Aktualisierung
  • Das Durchschnittsergebnis liegt bei 16 aus 18
Antwortstatistiken
Stadt/Kreis Kennzeichen % Korrekt
Köln K
98%
Augsburg A
97%
Berlin B
97%
Essen E
97%
Frankfurt (Main) F
97%
Hannover H
97%
Stuttgart S
97%
Bochum BO
96%
Chemnitz C
96%
Hamburg HH
96%
Kiel KI
96%
München M
96%
Nürnberg N
96%
Dortmund DO
95%
Osnabrück OS
95%
Passau PA
95%
Regensburg R
95%
Trier TR
95%
Ulm UL
95%
Zwickau Z
95%
Bonn BN
94%
Fürth
94%
Mannheim MA
94%
Neu-Ulm NU
94%
Saarbrücken SB
94%
Aachen AC
93%
Gießen GI
93%
Kassel KS
93%
Oberhausen OB
93%
Würzburg
93%
Freiburg (Breisgau) FR
92%
Neubrandenburg NB
92%
Paderborn PB
92%
Tübingen
92%
Ansbach AN
91%
Euskirchen EU
91%
Braunschweig BS
90%
Kaiserslautern KL
90%
Nordfriesland NF
90%
Münster MS
86%
Heidelberg HD
85%
Bottrop BOT
84%
Emden EMD
84%
Herne HER
84%
Höxter HX
84%
Bremen HB
83%
Aschaffenburg AB
82%
Borken BOR
82%
Dessau-Roßlau DE
82%
Halle (Saale) HAL
81%
Emsland EL
80%
Dinslaken DIN
76%
Völklingen VK
76%
Frankfurt (Oder) FF
75%
Jülich JÜL
74%
Erzgebirgskreis ERZ
69%
Heilbronn HN
68%
Schwerin SN
58%
Bocholt BOH
52%
Neumünster NMS
50%
Stralsund HST
25%
Keine übereinstimmenden Quizze gefunden
Verteilung der Resultate
Anzahl Personen mit jedem Resultat
Perzentil nach korrekt beantworteten Fragen
Ihre Resultats-Entwicklung
Sie haben dieses Quiz seit der letzten Aktualisierung nicht gespielt